1949 1969 1515 1446 1421 1712 1893 1605 1552 1155 1129 1579 1871 1855 1601 1593 1529 1381 1150 1800 1844 1744 1761 1089 1150 1394 1569 1556 1936 1796 1591 1085 1951 1163 1294 1672 1476 1876 1765 1549 1209 1194 1916 1217 1161 1388 1401 1873 1941 1453 1000 1374 1541 1713 1214 1220 1204 1202 1164 1971 1432 1078 1833 1185 1988 1008 1764 1464 1631 1610 1438 1269 1244 1762 1891 1734 1091 1155 1765 1697 1980 1741 1087 1048 1381 1564 1488 1461 1304 1140 1955 1518 1688 1970 1014 1204 1371 1738 1148 BCNSPRNW ULIB Ver.6.0+V

เปลี่ยนเป็นภาษาไทย

Change to English
 แสดงรายละเอียดบรรณานุกรม
  กลับหน้าหลัก

Brief Record : Get Marc (ISO 2709) : E-mail record : QR code < ปิดหน้าต่าง
LEADER : 00000nam 2200000uu 4500
001    13399127456
003     ULIB
008    200527s2562||||th 000 0 tha d
020 ^- ^a9786164683822
050 ^- ^aLB1028^bอ645ก
100 0^ aอิทธิพัทธ์ สุวทันพรกูล.
245 10 ^aการวิจัยทางการศึกษา :แนวคิดและการประยุกต์ใช้ = Education research : concepts and applications /^cอิทธิพัทธ์ สุวทันพรกูล.
246 11 ^aEducation research : concepts and applications
250    ^aพิมพ์ครั้งที่ 2
260 ^- ^aกรุงเทพฯ :^bโรงพิมพ์แห่งจุฬาลงกรณ์มหาวิทยาลัย,^c2562
300 ^- ^a438 หน้า :^bภาพประกอบ.
650 ^4 ^aการศึกษา^xวิจัย.
945    ^p350^l0^i28353
945    ^p350^l0^i28354
945    ^p350^l0^i28355
945    ^p350^l0^i28356
945    ^p350^l0^i28357
999    ^aกัณชพร จุลอักษร
รายการนี้ยังไม่มีแท็ก
คุณยังไม่ได้ล็อกอิน คุณสามารถมีกิจกรรมร่วมกับเว็บไซต์ได้ แต่ต้องล็อกอินก่อน ::
  ล็อกอิน

รายการสื่อสารสนเทศ

ลำดับที่ ประเภท เลขเรียก/บาร์โค้ด สถานที่ สถานะ
1. หนังสือสำรอง
หนังสือสำรอง
LB1028 อ645ก ฉ.1 
  Barcode: 28353
ห้องสมุดวิทยาเขตนครสวรรค์
►หนังสือทั่วไป:l:General Books
บนชั้น
2. วิทยาศาสตร์การแพทย์ และสุขภาพ
วิทยาศาสตร์การแพทย์ และสุขภาพ
LB1028 อ645ก ฉ.2 
  Barcode: 28354
ห้องสมุดวิทยาเขตนครสวรรค์
►หนังสือทั่วไป:l:General Books
บนชั้น
3. วิทยาศาสตร์การแพทย์ และสุขภาพ
วิทยาศาสตร์การแพทย์ และสุขภาพ
LB1028 อ645ก ฉ.3 
  Barcode: 28355
ห้องสมุดวิทยาเขตนครสวรรค์
►หนังสือทั่วไป:l:General Books
บนชั้น
4. วิทยาศาสตร์การแพทย์ และสุขภาพ
วิทยาศาสตร์การแพทย์ และสุขภาพ
LB1028 อ645ก ฉ.4 
  Barcode: 28356
ห้องสมุดวิทยาเขตนครสวรรค์
►หนังสือทั่วไป:l:General Books
บนชั้น
5. วิทยาศาสตร์การแพทย์ และสุขภาพ
วิทยาศาสตร์การแพทย์ และสุขภาพ
LB1028 อ645ก ฉ.5 
  Barcode: 28357
ห้องสมุดวิทยาเขตนครสวรรค์
►หนังสือทั่วไป:l:General Books
บนชั้น

BibComment


ยังไม่เคยถูกคอมเมนท์

คอมเมนท์ทรัพยากรรายการนี้
  คอมเมนท์: การวิจัยทางการศึ..


 Copyright 2026. Bcnsprnw @Library